Heal Your Depression: (Record no. 213838)

MARC details
000 -LEADER
fixed length control field 00493nam a22001817a 4500
005 - DATE AND TIME OF LATEST TRANSACTION
control field 20251204151911.0
010 ## - LCCN (DPL NO)
LC control number ENG-147216
020 ## - INTERNATIONAL STANDARD BOOK NUMBER
Terms of availability 250.00
International Standard Book Number 9789390132447
035 ## - SYSTEM CONTROL NUMBER
System control number EN-130748
037 ## - SOURCE OF ACQUISITION
Source of stock number/acquisition DBAD
082 ## - DEWEY DECIMAL CLASSIFICATION NUMBER
Classification number 181.46
Edition number 1
100 ## - MAIN ENTRY--PERSONAL NAME
Personal name Sirshree
245 ## - TITLE STATEMENT
Title Heal Your Depression:
Remainder of title Be Your Own Counselor/
Statement of responsibility, etc Sirshree
250 ## - EDITION STATEMENT
Edition statement 1
260 ## - PUBLICATION, DISTRIBUTION, ETC. (IMPRINT)
Place of publication, distribution, etc Delhi
Name of publisher, distributor, etc Wow Publishings Pvt Ltd
Date of publication, distribution, etc 2024
300 ## - PHYSICAL DESCRIPTION
Extent 162p.
Dimensions 21cm(pb)
942 ## - ADDED ENTRY ELEMENTS (KOHA)
Source of classification or shelving scheme Dewey Decimal Classification
Item type English Books
Classification part 181.46
Call number suffix SIR
Edition 1
Holdings
Withdrawn status Lost status Not for loan Collection code Home library Current library Date acquired Source of acquisition Cost, normal purchase price Full call number Barcode Copy number Cost, replacement price Koha item type
      Non-fiction Mobile Library Mobile Library 04/12/2025 Delivery of Books Act Division 250.00 181.46 SIR EN-130748 1 250.00 English Books

© Delhi Public Library
Hit Counter
free hit counter